00686 2200253 4500001002100000005001700021008004100038020002200079035002400101041000800125043001300133082001200146090002300158100001800181245006600199250001000265260002700275300003000302504001800332650002100350700002200371850001200393999002700405YOGYA-0711000000069920110714084627.0 ind  a978-979-29-2453-4 0010-071100000000699 aInd aYOPD DIY a616.462 aDEP 616.462bSur D aSuryoko, Hery a25 Tanaman Obat Ampuh Penakluk Diabetes MelituscHery Suryoko aCet 1 aYogyakartabAndic2011 aXII, 136 hlmbilusc18 cm ahlm. 1350-136 aDiabetes Melitus aAgustina S, Maria aYOPDYOG aCB - D.11 - 2011 - 369